Investment Casting Simulation for Improvement in Casting System Design to Enhance Casting Quality of Nozzle Guide Vane (NGV) / (Record no. 524610)

000 -LEADER
fixed length control field 00627nam a22001817a 4500
003 - CONTROL NUMBER IDENTIFIER
control field NUST
038 ## - RECORD CONTENT LICENSOR
Staff Name Mr. Zahoor
082 ## - DEWEY DECIMAL CLASSIFICATION NUMBER
Classification number 620.1
100 ## - MAIN ENTRY--PERSONAL NAME
Personal name MUHAMMAD NAEEM
9 (RLIN) 15414
245 ## - TITLE STATEMENT
Title Investment Casting Simulation for Improvement in Casting System Design to Enhance Casting Quality of Nozzle Guide Vane (NGV) /
Statement of responsibility, etc. MUHAMMAD NAEEM
260 ## - PUBLICATION, DISTRIBUTION, ETC.
Place of publication, distribution, etc. Islamabad :
Name of publisher, distributor, etc. SMME - NUST,
Date of publication, distribution, etc. 2016.
300 ## - PHYSICAL DESCRIPTION
Extent ill, 48 p. ;
500 ## - GENERAL NOTE
General note Hardcover.
600 ## - SUBJECT ADDED ENTRY--PERSONAL NAME
Source of heading or term Mechanical Engineering - MS Thesis
700 ## - ADDED ENTRY--PERSONAL NAME
Personal name Supervisor : Dr Khalid Akhtar
9 (RLIN) 120005
856 ## - ELECTRONIC LOCATION AND ACCESS
Uniform Resource Identifier <a href=" http://10.250.8.41:8080/xmlui/handle/123456789/12837"> http://10.250.8.41:8080/xmlui/handle/123456789/12837</a>
942 ## - ADDED ENTRY ELEMENTS (KOHA)
Source of classification or shelving scheme
Koha item type Thesis
Holdings
Withdrawn status Lost status Source of classification or shelving scheme Damaged status Not for loan Permanent Location Current Location Shelving location Date acquired Full call number Barcode Date last seen Price effective from Koha item type
          Central Library (CL) Central Library (CL) Thesis 06/24/2019 620.1 CL-T-1772 06/24/2019 06/24/2019 Thesis
© 2023 Central Library, National University of Sciences and Technology. All Rights Reserved.